Inovačné postupy z pohľadu ekonóma diplomová práca

Enregistré dans:
Détails bibliographiques
Auteur principal: Uhlíková, Monika
Collectivité auteur: Fakulta hospodárskej informatiky EU. Katedra štatistiky
Autres auteurs: Horníková, Adriana
Format: Livre
Langue:slovaque
Publié: Bratislava 2013
Tags: Ajouter un tag
Pas de tags, Soyez le premier à ajouter un tag!

MARC

LEADER 00000nbm a2200000 4500
001 0171751
005 20161109102455.5
041 0 |a slo 
044 |a SK 
245 1 0 |a Inovačné postupy z pohľadu ekonóma  |b diplomová práca  |c Monika Uhlíková ; školiteľ: Adriana Horníková 
264 1 |a Bratislava  |c 2013 
300 |a 71 s. 
100 1 |a Uhlíková, Monika 
700 1 |a Horníková, Adriana 
710 2 |a Fakulta hospodárskej informatiky EU. Katedra štatistiky